La comprensión de sujeto humano en la cultura antigua / (Record no. 108404)

MARC details
000 -LEADER
campo de control de longitud fija 00531nam a2200181 4500
001 - NÚMERO DE CONTROL
campo de control 108404
003 - IDENTIFICADOR DE NÚMERO DE CONTROL
campo de control ES-MaACL
007 - CAMPO FIJO DE DESCRIPCIÓN FÍSICA--INFORMACIÓN GENERAL
campo de control de longitud fija t|
008 - DATOS DE LONGITUD FIJA--INFORMACIÓN GENERAL
campo de control de longitud fija 061121s1969 sp r ||||1| spa d
100 1# - ENTRADA PRINCIPAL--NOMBRE DE PERSONA
Nombre de persona Mondolfo, Rodolfo.
9 (RLIN) 82147
245 13 - MENCIÓN DEL TÍTULO
Título La comprensión de sujeto humano en la cultura antigua /
Mención de responsabilidad, etc. Rodolfo Mondolfo.
260 ## - PUBLICACIÓN, DISTRIBUCIÓN, ETC.
Lugar de publicación, distribución, etc. Buenos Aires :
Nombre del editor, distribuidor, etc. Eudeba,
Fecha de publicación, distribución, etc. 1969.
300 ## - DESCRIPCIÓN FÍSICA
Extensión XIV 460 p. ;
Dimensiones 23 cm.
490 1# - MENCIÓN DE SERIE
Mención de serie Temas de Eudeba
830 0# - PUNTO DE ACCESO ADICIONAL DE SERIE-TÍTULO UNIFORME
Título uniforme Temas de Eudeba
9 (RLIN) 185561
852 ## - LOCALIZACIÓN
Ubicación ES-MaACL
Número de control de estantería E-9235
Sublocalización o colección R.93926
Holdings
Estatus retirado Estado de pérdida Estado de daño No para préstamo Biblioteca de origen Biblioteca actual Ubicación en estantería Fecha de adquisición Fuente de adquisición Total de préstamos Signatura topográfica completa Código de barras Visto por última vez Precio de reemplazo Tipo de ítem Koha
        Biblioteca del Ateneo de Madrid Biblioteca del Ateneo de Madrid Depósito 2 17/01/2008     E-9235 1113119 23/02/2023 23/02/2023 Libro impreso